000 00664nam a2200205 i 4500
001 31532
003 ES-MaACL
005 20230906154410.0
007 t|
008 030129s1956 sp ||||1| spa d
100 0 _aBeauvoir, Simone de,
_d1908-1986
_926850
245 1 0 _aTodos los hombres son mortales /
_cSimone de Beauvoir ; traducción de Silvina Bullrich.
260 _aBarcelona :
_bE.D.H.A.S.A.,
_c[1956] (
_fVda. de Manuel Ponsa)
300 _a392 p. ;
_c18 cm.
490 1 _aColección cobra
700 1 _aBullrich, Silvina.
_932526
830 0 _aColección cobra
_9229374
852 _aES-MaACL
_jC-11068
_bR.39086
999 _c31532
_d31532